[Event "1st Turkish League 2017"]
[Site "Konya"]
[Date "2017.07.18"]
[Round "2"]
[White "Erturan, Yakup"]
[Black "Koc, Ilkay"]
[Result "1-0"]
[WhiteElo "2371"]
[BlackElo "2074"]
[Annotator "NA"]
[PlyCount "81"]
[EventType "team-tourn"]
[EventCountry "TUR"]
[SourceTitle "playchess.com"]
[Source "ChessBase"]
[SourceQuality "1"]
[TimeControl "5400+30"]

{[%evp 13,81,0,4,32767,-4,-5,32767,10,29,0,-16,-28,0,-96,-60,-83,-80,-76,-67,-89,62,37,49,64,99,72,32767,65,59,43,88,25,32,39,44,14,25,32767,32767,32767,32767,32767,32767,32767,32767,32767,32767,32767,32767,32767,32767,32767,32767,32767,190,198,204,32767,32767,32767,32767,32767,32767,370,558,571,603,661,615,571]} 1. Nf3 {[%emt 0:00:30]} d5 {[%emt 0:01:00]} 2. c4 {[%emt 0:00:30]} d4 {[%emt 0:00:00]} 3. b4 {[%emt 0:02:30]} g6 {[%emt 0:00:00]} 4. d3 {[%emt 0:02:30] A09: Réti Opening: 1 Nf3 d5 2 c4} Bg7 {[%emt 0:01:30]} 5. g3 {[%emt 0:00:30]} e5 {[%emt 0:00:00]} 6. Bg2 {[%emt 0:01:30]} (6. Nbd2 Ne7 7. Bg2 O-O 8. O-O h6 9. a4 a5 10. b5 c5 11. bxc6 Nexc6 12. Ba3 Nb4 13. Ne1 N8a6 14. Nc2 Re8 15. Bxb4 axb4 16. Nb3 {½-½ (70) Kramnik,V (2777)-Andreikin,D (2720) Baku 2015}) 6... Ne7 {[%emt 0:00:00]} 7. Bb2 {[%emt 0:00:30] LiveBook: 22 Games} O-O {[%emt 0:00:00]} 8. O-O {[%emt 0:00:30]} Nd7 {[%emt 0:03:00]} 9. Nbd2 {[%emt 0:03:30]} h6 {[%emt 0:04:30]} 10. Qc2 {[%emt 0:03:30]} a5 $146 {[%emt 0:13:30]} ({Predecessor:} 10... c6 11. Rfe1 Qc7 12. e3 dxe3 13. Rxe3 Nf5 14. Re2 a5 15. bxa5 Rxa5 {½-½ (50) Krug Cortegoso,R (2038)-Cordero,A (2229) Ourense 2006}) 11. a3 {[%emt 0:02:30]} c5 {[%emt 0:03:30]} 12. Qb3 {[%emt 0:18:30]} Nc6 {[%emt 0:09:30]} 13. bxa5 {[%emt 0:06:30]} (13. b5 $11 Ne7 14. Rae1) 13... Rxa5 {[%emt 0:03:30]} 14. Rfb1 {[%emt 0:03:30]} Kh7 {[%emt 0:07:30]} 15. Qc2 {[%emt 0:00:30]} f5 {[%emt 0:00:00]} 16. Re1 {[%emt 0:02:30]} Nf6 {[%emt 0:06:00]} ({Better is} 16... Qc7 $17) 17. Nb3 {[%emt 0:01:30]} Ra8 {[%emt 0:15:30]} 18. Nxc5 {[%emt 0:00:30]} Qe7 {[%emt 0:00:30]} 19. Nb3 {[%emt 0:00:30]} Be6 {[%emt 0:00:30]} 20. Nbd2 {[%emt 0:14:30]} Qf7 {[%emt 0:01:30]} 21. h3 {[%emt 0:04:30]} Rfc8 {[%emt 0:02:30]} 22. a4 {[%emt 0:00:30]} Nd7 {[%emt 0:03:30]} 23. Nb3 {[%emt 0:03:30]} Ra6 {[%emt 0:04:49]} 24. Qd2 {[%emt 0:04:30]} Rb6 {[%emt 0:02:10]} 25. Qc2 {[%emt 0:03:21]} Ra8 {[%emt 0:00:50]} 26. Nfd2 {[%emt 0:02:27]} Rba6 {[%emt 0:06:46]} 27. a5 {[%emt 0:00:51]} Bf8 {[%emt 0:04:25]} 28. e3 {[%emt 0:00:38]} dxe3 {[%emt 0:00:24]} 29. Rxe3 {[%emt 0:00:36]} Rd8 {[%emt 0:01:04]} 30. Rae1 {[%emt 0:01:35]} Bg7 {[%emt 0:00:10]} 31. Bc3 {[%emt 0:01:01]} Raa8 {[%emt 0:00:46]} 32. Qb2 {[%emt 0:02:34]} Rac8 {[%emt 0:02:14]} 33. f4 {[%emt 0:00:28]} Bf8 {[%emt 0:03:30]} 34. fxe5 {[%emt 0:01:09]} Nc5 {[%emt 0:00:12]} 35. Qc2 {[%emt 0:01:55]} Na4 {[%emt 0:00:07]} 36. Ba1 {[%emt 0:00:35]} Nb4 {[%emt 0:00:31]} 37. Qb1 {[%emt 0:00:11]} Qd7 {[%emt 0:00:06]} 38. Nd4 {[%emt 0:01:44]} Bc5 {[%emt 0:00:55]} (38... b5 {was worth a try.} 39. axb6 (39. cxb5 Ba2 $18) 39... Nxb6) 39. Nxe6 {[%emt 0:00:21]} Qxe6 {[%emt 0:01:35]} 40. d4 {[%emt 0:00:27]} Bf8 {[%emt 0:01:04]} 41. Qb3 $18 {[%emt 0:01:49]} 1-0

[Event "1st Turkish League 2017"]
[Site "Konya"]
[Date "2017.07.18"]
[Round "2"]
[White "Gulbas, Cemil"]
[Black "Ozkan, Ervin"]
[Result "1/2-1/2"]
[WhiteElo "2366"]
[BlackElo "2206"]
[Annotator "TA"]
[PlyCount "93"]
[EventType "team-tourn"]
[EventCountry "TUR"]
[SourceTitle "playchess.com"]
[Source "ChessBase"]
[SourceQuality "1"]

{[%evp 11,93,32,47,47,54,54,56,55,66,-5,66,22,44,12,18,-76,-76,-265,-285,-283,-275,-261,-272,-333,-334,-329,-309,-325,-319,-324,-266,-345,-353,-359,-354,-344,-353,-353,-332,-409,-248,-264,-270,-256,-269,-266,-252,-263,-225,-241,-237,-273,-269,-251,-252,-231,-211,-206,-165,-220,-235,-233,-217,-218,-129,-239,-220,-209,-227,-217,-170,-162,-158,-165,0,-97,0,-166,0,-83,0,-165,0,-94]} 1. d4 d5 2. c4 c6 3. Nc3 Nf6 4. Nf3 a6 5. g3 b5 (5... Bf5 6. Bg2 e6 7. O-O Nbd7 8. Nh4 Bg6 9. cxd5 exd5 10. Nxg6 hxg6 11. e4 dxe4 12. d5 cxd5 13. Nxd5 {1-0 (60) Giri,A (2755)-Le,Q (2723) Baku 2016}) 6. b3 {D15: Slav Defence: 4 Nc3 a6 and gambit lines after 4 Nc3 dxc4} Bf5 {LiveBook: 17 Games} 7. Nh4 Be4 $146 ({Predecessor:} 7... Be6 8. c5 Qc8 9. Bg2 Bh3 10. O-O Bxg2 11. Kxg2 Nbd7 12. Re1 g6 13. f3 {½-½ (36) Khromkin,A (2318)-Iljushin,A (2552) Saratov 2008}) 8. f3 {White is slightly better.} Bg6 $1 9. Bg2 e6 10. O-O (10. Nxg6 $14 hxg6 11. c5) 10... Nbd7 (10... Bb4 $11 11. Nxg6 hxg6) 11. e4 Bb4 12. Nxg6 hxg6 13. Qd3 (13. Bd2 $11 {keeps the balance.}) 13... dxc4 $17 14. bxc4 $2 {[#]} (14. Qc2 $17) 14... Ne5 $1 $19 {[%cal Re5d3][%mdl 512]} 15. Qe3 (15. dxe5 Qxd3) 15... Nxc4 16. Qd3 e5 17. d5 Qa5 18. Nd1 Bc5+ 19. Nf2 Bd4 20. Rb1 cxd5 21. exd5 Rd8 22. Bg5 Rxd5 23. Qe2 O-O 24. Kh1 Bxf2 25. Rxf2 Nh7 26. Be7 Rd2 27. Qe1 {Strongly threatening Bb4.} Rxf2 $1 (27... Rxa2 28. Qxa5 Rxa5 29. Bxf8 $17) 28. Qxf2 Re8 29. Bb4 Qc7 30. Rc1 Nf6 31. Bf1 e4 32. fxe4 Rxe4 33. Bg2 Re6 34. a4 Ng4 35. Qd4 (35. Qc5 $142 Qxc5 36. Bxc5) 35... Nge3 36. axb5 axb5 37. Bf3 Qe5 (37... Nf5 $19 38. Qd5 Re3) 38. Qd8+ (38. Qxe5 $17 Nxe5 39. Be2) 38... Re8 39. Qd7 Rb8 40. Re1 Qb2 41. Qc7 Re8 (41... Qxb4 42. Qxb8+ Kh7 43. Rg1 $11) 42. Qd7 Rb8 ({Black should play} 42... Re5 $1 $19 43. Qc8+ Kh7 44. Qh3+ Rh5 45. Bxh5 gxh5) 43. Qc7 $17 Re8 ({Much weaker is} 43... Qxb4 $6 44. Qxb8+ Kh7 45. Rg1 $11) (43... Rf8 $1 $17 44. Qe7 (44. Bxf8 Qf2 45. Qxf7+ Kxf7 46. Bd5+ Nxd5 47. Ra1 Nde3 48. Ra7+ Kg8 49. Rxg7+ Kxf8 50. Rg8+ Kxg8 51. h4 Qg2#) 44... Rc8) 44. Qd7 $1 $19 {[%cal Rd7e8]} Rb8 (44... Re5 $1 $19 45. Qc8+ Kh7 46. Qh3+ Rh5 47. Bxh5 gxh5) 45. Qc7 $17 {[#]} Re8 ({Of course not} 45... Qxb4 46. Qxb8+ Kh7 47. Rg1 $15) (45... Rf8 $1 $17 46. Qe7 (46. Bxf8 {leads to mate.} Qf2 47. Qxf7+ Kxf7 48. Bd5+ Nxd5 49. Ra1 Nde3 50. Ra7+ Kg8 51. Rxg7+ Kxf8 52. Rf7+ Kxf7 53. h4 Qg2#) 46... Rc8) 46. Qd7 $1 $19 {[%cal Rd7e8] [#]} Rb8 ({Better is} 46... Re5 $1 $19 47. Qc8+ Kh7 48. Qh3+ Rh5 49. Bxh5 gxh5) 47. Qc7 {Precision: White = 52%, Black = 62%.} 1/2-1/2

[Event "1st Turkish League 2017"]
[Site "Konya"]
[Date "2017.07.20"]
[Round "2"]
[White "Khukhashvili, Sopiko"]
[Black "Yilmaz, Ezgi"]
[Result "1-0"]
[WhiteElo "2339"]
[BlackElo "1836"]
[Annotator "ChessBase"]
[PlyCount "123"]
[EventType "team-tourn"]
[EventCountry "TUR"]
[SourceTitle "playchess.com"]
[Source "ChessBase"]
[SourceQuality "1"]
[TimeControl "5400+30"]

1. e4 {[%emt 0:00:30]} c5 {[%emt 0:01:00]} 2. b3 {[%emt 0:00:30]} Nc6 {[%emt 0:00:30]} 3. Bb2 {[%emt 0:00:00]} d6 {[%emt 0:02:30]} 4. Bb5 {[%emt 0:01:00]} e6 {[%emt 0:02:30]} 5. Bxc6+ {[%emt 0:00:30]} bxc6 {[%emt 0:00:30]} 6. Qe2 {[%emt 0:00:30]} e5 {[%emt 0:06:30]} 7. Nf3 {[%emt 0:03:30]} Nf6 {[%emt 0:01:30]} 8. h3 {[%emt 0:02:30]} g6 {[%emt 0:03:30]} 9. Na3 {[%emt 0:00:30]} Bg7 {[%emt 0:01:30]} 10. Nc4 {[%emt 0:00:30]} Be6 {[%emt 0:04:30]} 11. d3 {[%emt 0:00:30]} Nh5 {[%emt 0:03:30]} 12. g3 {[%emt 0:00:30]} O-O {[%emt 0:01:30]} 13. O-O-O {[%emt 0:00:30]} a5 {[%emt 0:01:30]} 14. a4 {[%emt 0:00:00]} f6 {[%emt 0:05:30]} 15. Ba3 {[%emt 0:03:00]} Rf7 {[%emt 0:01:30]} 16. Nh4 {[%emt 0:02:30]} d5 {[%emt 0:09:30]} 17. Nd2 {[%emt 0:00:30]} Bf8 {[%emt 0:00:30]} 18. Ng2 {[%emt 0:00:30]} c4 {[%emt 0:06:30]} 19. Bxf8 {[%emt 0:00:30]} Qxf8 {[%emt 0:00:00]} 20. dxc4 {[%emt 0:01:30]} Qa3+ {[%emt 0:04:00]} 21. Kb1 {[%emt 0:00:00]} Rb7 {[%emt 0:13:30]} 22. exd5 {[%emt 0:05:00]} cxd5 {[%emt 0:02:30]} 23. g4 {[%emt 0:16:30]} Ng7 {[%emt 0:04:30]} 24. Ne3 {[%emt 0:14:30]} dxc4 {[%emt 0:05:20]} 25. Nexc4 {[%emt 0:01:30]} Qxa4 {[%emt 0:01:02]} 26. Nb2 {[%emt 0:03:30]} Qc6 {[%emt 0:01:33]} 27. Ne4 {[%emt 0:02:30]} Ne8 {[%emt 0:00:17]} 28. Qf3 {[%emt 0:05:30]} Bd5 {[%emt 0:02:20]} 29. Rxd5 {[%emt 0:00:30]} Qxd5 {[%emt 0:00:30]} 30. Rd1 {[%emt 0:00:30]} Qf7 {[%emt 0:02:13]} 31. Nc5 {[%emt 0:00:00]} Rba7 {[%emt 0:00:35]} 32. Nba4 {[%emt 0:00:00]} Rc8 {[%emt 0:01:02]} 33. h4 {[%emt 0:03:30]} Rac7 {[%emt 0:04:53]} 34. Qd5 {[%emt 0:00:30]} Qxd5 {[%emt 0:01:12]} 35. Rxd5 {[%emt 0:00:00]} Kf7 {[%emt 0:01:23]} 36. c4 {[%emt 0:00:00]} Ke7 {[%emt 0:01:30]} 37. g5 {[%emt 0:02:30]} Ng7 {[%emt 0:04:40]} 38. Ne4 {[%emt 0:00:30]} Ne8 {[%emt 0:01:03]} 39. gxf6+ {[%emt 0:01:30]} Nxf6 {[%emt 0:01:03]} 40. Rxe5+ {[%emt 0:00:00]} Kf7 {[%emt 0:00:40]} 41. Nd6+ {[%emt 0:00:00]} Kf8 {[%emt 0:00:30]} 42. Nxc8 {[%emt 0:00:30]} Rxc8 {[%emt 0:00:00]} 43. Rxa5 {[%emt 0:00:00]} Ne4 {[%emt 0:00:03]} 44. f4 {[%emt 0:02:00]} Nd2+ {[%emt 0:00:53]} 45. Kc2 {[%emt 0:00:30]} Nxc4 {[%emt 0:00:32]} 46. Rc5 {[%emt 0:02:30]} Ne3+ {[%emt 0:00:34]} 47. Kd3 {[%emt 0:00:00]} Re8 {[%emt 0:00:37]} 48. Re5 {[%emt 0:03:00]} Ng2 {[%emt 0:00:16]} 49. Rxe8+ {[%emt 0:01:30]} Kxe8 {[%emt 0:00:03]} 50. Ke4 {[%emt 0:01:30]} Nxh4 {[%emt 0:00:19]} 51. Nc5 {[%emt 0:00:30]} Nf5 {[%emt 0:00:54]} 52. b4 {[%emt 0:02:30]} Nd6+ {[%emt 0:00:39]} 53. Kd5 {[%emt 0:02:30]} Ke7 {[%emt 0:00:31]} 54. Ne6 {[%emt 0:01:35]} h6 {[%emt 0:00:44]} 55. Nd4 {[%emt 0:02:42]} Kd7 {[%emt 0:00:25]} 56. Ke5 {[%emt 0:02:00]} Ke7 {[%emt 0:00:38]} 57. b5 {[%emt 0:00:46]} Nc4+ {[%emt 0:00:38]} 58. Kd5 {[%emt 0:00:11]} Nd6 {[%emt 0:00:20]} 59. Nc6+ {[%emt 0:00:39]} Kd7 {[%emt 0:00:56]} 60. Ne5+ {[%emt 0:00:05]} Kc7 {[%emt 0:00:38]} 61. b6+ {[%emt 0:00:23]} Kxb6 {[%emt 0:00:19]} 62. Kxd6 {[%emt 0:00:01]} 1-0

[Event "1st Turkish League 2017"]
[Site "Konya"]
[Date "2017.07.18"]
[Round "2"]
[White "Dedebas, Emre Emin"]
[Black "Firat, Mehmet Bugra"]
[Result "1-0"]
[WhiteElo "2322"]
[BlackElo "1586"]
[Annotator "NA"]
[PlyCount "127"]
[EventType "team-tourn"]
[EventCountry "TUR"]
[SourceTitle "playchess.com"]
[Source "ChessBase"]
[SourceQuality "1"]
[TimeControl "5400+30"]

1. d4 {[%emt 0:00:30]} d5 {[%emt 0:01:00]} 2. c4 {[%emt 0:00:00]} c6 {[%emt 0:00:30]} 3. Nf3 {[%emt 0:00:00]} Nf6 {[%emt 0:00:30]} 4. Qc2 {[%emt 0:00:00]} dxc4 {[%emt 0:01:30]} 5. Qxc4 {[%emt 0:02:00]} Bf5 {[%emt 0:00:30]} 6. g3 {[%emt 0:00:30]} e6 {[%emt 0:02:30]} 7. Bg2 {[%emt 0:00:30]} Nbd7 {[%emt 0:00:30]} 8. O-O {[%emt 0:01:30]} Be7 {[%emt 0:04:30]} 9. Nc3 {[%emt 0:05:30]} Ne4 {[%emt 0:14:30]} 10. Bf4 {[%emt 0:07:30]} O-O {[%emt 0:03:30]} 11. Rfe1 {[%emt 0:28:30] LiveBook: 50 Games} Re8 {[%emt 0:05:30] D23: Queen's Gambit Accepted: 3 Nf3 Nf6 sidelines} (11... Nxc3 12. bxc3 Be4 13. Qb3 c5 14. Ne5 Bxg2 15. Kxg2 Nxe5 16. Bxe5 Qd7 17. e4 b5 18. Rad1 c4 19. Qc2 {0-1 (52) Brunello,S (2587)-Kobalia,M (2666) Plovdiv 2012}) 12. Ne5 {[%emt 0:12:30]} Nxe5 {[%emt 0:08:30]} 13. dxe5 {[%emt 0:12:30]} Nxc3 {[%emt 0:06:30]} 14. bxc3 $146 {[%emt 0:05:30]} ({Predecessor:} 14. Qxc3 Bg4 15. h3 Bh5 16. Be3 Qc7 17. Rac1 Red8 18. a3 {½-½ (18) Figlio,G (2447)-Cilloniz Razzeto,A (2440) ICCF email 2009}) 14... Qc7 {[%emt 0:15:30]} 15. h4 {[%emt 0:04:19]} h6 {[%emt 0:06:30]} 16. h5 {[%emt 0:11:13]} Red8 {[%emt 0:02:30]} 17. Bf3 {[%emt 0:00:34]} Rac8 {[%emt 0:04:55]} 18. a4 {[%emt 0:00:06]} Rd7 {[%emt 0:07:41]} 19. a5 {[%emt 0:00:52]} Bh7 {[%emt 0:03:32]} 20. Kg2 {[%emt 0:01:37]} Rdd8 {[%emt 0:05:10]} 21. Qb3 {[%emt 0:03:04]} Bc5 {[%emt 0:01:07]} 22. Ra4 {[%emt 0:00:10]} b5 {[%emt 0:02:03]} 23. axb6 {[%emt 0:00:10]} Qxb6 {[%emt 0:00:55]} 24. Qxb6 {[%emt 0:00:40]} Bxb6 {[%emt 0:00:47]} 25. Rea1 {[%emt 0:02:12]} Bc2 {[%emt 0:01:29]} 26. R4a3 {[%emt 0:00:23]} Rc7 {[%emt 0:01:02]} 27. R1a2 {[%emt 0:00:21]} Bb1 {[%emt 0:00:20]} 28. Rb2 {[%emt 0:00:14]} Bf5 {[%emt 0:00:18]} 29. Ra6 {[%emt 0:00:24]} Kf8 {[%emt 0:00:30]} 30. g4 {[%emt 0:00:00]} Bh7 {[%emt 0:00:42]} 31. g5 {[%emt 0:00:00]} hxg5 {[%emt 0:00:10]} 32. Bxg5 {[%emt 0:00:03]} Rdc8 {[%emt 0:00:40]} 33. Rb4 {[%emt 0:00:30]} Bf5 $16 {[%emt 0:00:31]} 34. Bg4 {[%emt 0:02:07]} Bxg4 {[%emt 0:00:39]} 35. Rxg4 {[%emt 0:00:01]} Rd7 {[%emt 0:00:40]} 36. h6 {[%emt 0:00:08]} gxh6 {[%emt 0:00:35]} 37. Bxh6+ {[%emt 0:00:23]} Ke7 {[%emt 0:00:07]} 38. Bg5+ {[%emt 0:02:18]} f6 {[%emt 0:00:29]} 39. Bxf6+ {[%emt 0:00:14]} Kf8 {[%emt 0:00:21]} 40. Raa4 {[%emt 0:00:23]} Rh7 {[%emt 0:00:54]} 41. Raf4 {[%emt 0:00:10]} Ke8 {[%emt 0:00:00]} 42. Bg7 {[%emt 0:00:52]} Rc7 {[%emt 0:00:44]} 43. Rf8+ {[%emt 0:00:26]} Kd7 {[%emt 0:00:17]} 44. Rf3 {[%emt 0:01:02]} Kc8 {[%emt 0:00:30]} 45. Bf8 {[%emt 0:00:00]} Kb7 {[%emt 0:00:31]} 46. c4 {[%emt 0:00:23]} c5 {[%emt 0:00:36]} 47. Rg6 {[%emt 0:00:49]} Rc6 {[%emt 0:00:24]} 48. Bd6 {[%emt 0:00:00]} Rh4 {[%emt 0:00:47]} 49. Rc3 {[%emt 0:00:50]} a5 {[%emt 0:00:47]} 50. Rxe6 {[%emt 0:00:11]} Ka6 {[%emt 0:00:00]} 51. Kg3 {[%emt 0:00:12]} Rh1 {[%emt 0:00:26]} 52. f4 {[%emt 0:00:25]} a4 {[%emt 0:00:22]} 53. f5 {[%emt 0:00:59]} Ka5 {[%emt 0:00:44]} 54. f6 {[%emt 0:00:54]} Rf1 {[%emt 0:00:16]} 55. Re8 {[%emt 0:00:18]} Rxd6 {[%emt 0:00:50]} 56. exd6 {[%emt 0:00:30]} Rxf6 {[%emt 0:00:00]} 57. Rd3 {[%emt 0:00:28]} Rxd6 {[%emt 0:00:32]} 58. Rxd6 {[%emt 0:00:37]} Bc7 {[%emt 0:00:13]} 59. Ra8+ {[%emt 0:00:26]} Kb4 {[%emt 0:00:10]} 60. Raa6 {[%emt 0:00:04]} Kxc4 {[%emt 0:00:20]} 61. Rxa4+ {[%emt 0:00:53]} Kb3 {[%emt 0:00:30]} 62. Raa6 {[%emt 0:00:00]} c4 {[%emt 0:00:00]} 63. Kf3 {[%emt 0:00:12]} Bxd6 {[%emt 0:00:30]} 64. Rxd6 {[%emt 0:00:30]} 1-0

[Event "1st Turkish League 2017"]
[Site "Konya"]
[Date "2017.07.20"]
[Round "2"]
[White "Kilic, Efe Mert"]
[Black "Gulbeyaz, Emir"]
[Result "0-1"]
[WhiteElo "2287"]
[BlackElo "1952"]
[Annotator "ChessBase"]
[PlyCount "92"]
[EventType "team-tourn"]
[EventCountry "TUR"]
[SourceTitle "playchess.com"]
[Source "ChessBase"]
[SourceQuality "1"]
[TimeControl "5400+30"]

1. e4 {[%emt 0:00:30]} c5 {[%emt 0:01:00]} 2. Nf3 {[%emt 0:00:30]} e6 {[%emt 0:00:30]} 3. c4 {[%emt 0:00:00]} Nc6 {[%emt 0:00:00]} 4. Nc3 {[%emt 0:00:00]} a6 {[%emt 0:01:00]} 5. Be2 {[%emt 0:01:30]} Nd4 {[%emt 0:05:30]} 6. O-O {[%emt 0:04:30]} Ne7 {[%emt 0:02:30]} 7. d3 {[%emt 0:01:30]} g6 {[%emt 0:00:30]} 8. Be3 {[%emt 0:08:30]} Bg7 {[%emt 0:00:30]} 9. Qd2 {[%emt 0:00:00]} O-O {[%emt 0:01:30]} 10. Bh6 {[%emt 0:01:00]} d6 {[%emt 0:05:30]} 11. Rab1 {[%emt 0:07:30]} d5 {[%emt 0:20:30]} 12. Bxg7 {[%emt 0:14:30]} Kxg7 {[%emt 0:01:30]} 13. Qf4 {[%emt 0:00:30]} Nxf3+ {[%emt 0:02:30]} 14. Bxf3 {[%emt 0:02:30]} d4 {[%emt 0:05:30]} 15. Na4 {[%emt 0:04:30]} b6 {[%emt 0:01:30]} 16. b4 {[%emt 0:02:30]} Bd7 {[%emt 0:01:30]} 17. Bd1 {[%emt 0:00:30]} Bxa4 {[%emt 0:00:30]} 18. Bxa4 {[%emt 0:00:00]} Qb8 {[%emt 0:03:30]} 19. e5 {[%emt 0:06:00]} Qc7 {[%emt 0:01:30]} 20. Qf6+ {[%emt 0:03:30]} Kg8 {[%emt 0:00:00]} 21. h4 {[%emt 0:06:30]} h5 {[%emt 0:07:00]} 22. Bd1 {[%emt 0:03:30]} Nf5 {[%emt 0:05:30]} 23. g4 {[%emt 0:03:30]} hxg4 {[%emt 0:00:30]} 24. Bxg4 {[%emt 0:00:30]} Qd8 {[%emt 0:08:30]} 25. Qxd8 {[%emt 0:01:30]} Rfxd8 {[%emt 0:00:30]} 26. Bxf5 {[%emt 0:01:30]} gxf5 {[%emt 0:01:30]} 27. bxc5 {[%emt 0:01:30]} bxc5 {[%emt 0:00:00]} 28. Rb7 {[%emt 0:00:30]} Kh7 {[%emt 0:02:00]} 29. Rxf7+ {[%emt 0:01:30]} Kg6 {[%emt 0:00:00]} 30. Rf6+ {[%emt 0:00:30]} Kh5 {[%emt 0:00:00]} 31. Rb1 {[%emt 0:01:30]} Kg4 {[%emt 0:03:30]} 32. Rb6 {[%emt 0:01:30]} Kf3 {[%emt 0:00:30]} 33. Kf1 {[%emt 0:01:30]} Rh8 {[%emt 0:01:54]} 34. Rbxe6 {[%emt 0:00:30]} f4 {[%emt 0:00:03]} 35. Rxa6 {[%emt 0:04:17]} Rxa6 {[%emt 0:04:30]} 36. Rxa6 {[%emt 0:00:30]} Rxh4 {[%emt 0:00:00]} 37. Ke1 {[%emt 0:06:09]} Rh1+ {[%emt 0:00:32]} 38. Kd2 {[%emt 0:01:21]} Kxf2 {[%emt 0:00:08]} 39. Rf6 {[%emt 0:04:57]} f3 {[%emt 0:01:06]} 40. e6 {[%emt 0:00:50]} Ra1 {[%emt 0:00:45]} 41. Kc2 {[%emt 0:00:31]} Rxa2+ {[%emt 0:00:30]} 42. Kb3 {[%emt 0:00:00]} Rd2 {[%emt 0:01:17]} 43. Rf5 {[%emt 0:01:28]} Rxd3+ {[%emt 0:00:24]} 44. Kc2 {[%emt 0:00:01]} Re3 {[%emt 0:00:33]} 45. Rxc5 {[%emt 0:00:30]} Ke2 {[%emt 0:00:00]} 46. Rf5 {[%emt 0:00:06]} d3+ {[%emt 0:00:35]} 0-1

[Event "1st Turkish League 2017"]
[Site "Konya"]
[Date "2017.07.20"]
[Round "2"]
[White "Annaberdiyev, Babageldi"]
[Black "Ozdover, Mustafa Berkay"]
[Result "1/2-1/2"]
[WhiteElo "2262"]
[BlackElo "2120"]
[Annotator "ChessBase"]
[PlyCount "86"]
[EventType "team-tourn"]
[EventCountry "TUR"]
[SourceTitle "playchess.com"]
[Source "ChessBase"]
[SourceQuality "1"]
[TimeControl "5400+30"]

1. Nf3 {[%emt 0:00:30]} d5 {[%emt 0:01:00]} 2. d4 {[%emt 0:03:30]} Nf6 {[%emt 0:02:30]} 3. e3 {[%emt 0:00:30]} Bf5 {[%emt 0:11:30]} 4. c4 {[%emt 0:00:30]} c6 {[%emt 0:06:30]} 5. Nc3 {[%emt 0:05:30]} e6 {[%emt 0:00:30]} 6. Qb3 {[%emt 0:00:00]} Qb6 {[%emt 0:01:30]} 7. c5 {[%emt 0:00:00]} Qc7 {[%emt 0:00:30]} 8. Bd2 {[%emt 0:06:30]} Nbd7 {[%emt 0:05:30]} 9. Rc1 {[%emt 0:01:30]} Be7 {[%emt 0:02:30]} 10. Ne2 {[%emt 0:01:30]} O-O {[%emt 0:20:30]} 11. Ng3 {[%emt 0:01:30]} Bg6 {[%emt 0:00:30]} 12. Bd3 {[%emt 0:01:30]} Ne4 {[%emt 0:04:30]} 13. Qc2 {[%emt 0:01:30]} f5 {[%emt 0:01:30]} 14. b4 {[%emt 0:00:00]} a6 {[%emt 0:02:30]} 15. Ne2 {[%emt 0:14:00]} Bf6 {[%emt 0:05:30]} 16. a4 {[%emt 0:08:30]} Bf7 {[%emt 0:04:30]} 17. h4 {[%emt 0:03:30]} Kh8 {[%emt 0:06:30]} 18. Rb1 {[%emt 0:06:30]} e5 {[%emt 0:06:22]} 19. dxe5 {[%emt 0:03:30]} Nxe5 {[%emt 0:03:11]} 20. Bxe4 {[%emt 0:03:30]} fxe4 {[%emt 0:05:43]} 21. Nxe5 {[%emt 0:00:30]} Bxe5 {[%emt 0:01:17]} 22. h5 {[%emt 0:02:30]} d4 {[%emt 0:04:23]} 23. exd4 {[%emt 0:00:30]} Bf6 {[%emt 0:00:00]} 24. h6 {[%emt 0:00:30]} gxh6 {[%emt 0:01:04]} 25. Be3 {[%emt 0:03:30]} Qd7 {[%emt 0:02:00]} 26. Rxh6 {[%emt 0:00:30]} Bg7 {[%emt 0:00:08]} 27. Rh2 {[%emt 0:01:30]} Bg6 {[%emt 0:00:00]} 28. Rd1 {[%emt 0:02:30]} Rad8 {[%emt 0:01:48]} 29. Nf4 {[%emt 0:05:30]} Bf5 {[%emt 0:00:05]} 30. d5 {[%emt 0:01:30]} cxd5 {[%emt 0:00:14]} 31. Rxd5 {[%emt 0:00:30]} Qf7 {[%emt 0:01:01]} 32. Rxf5 {[%emt 0:03:17]} Qxf5 {[%emt 0:00:46]} 33. Rh5 {[%emt 0:00:12]} Qg4 {[%emt 0:00:23]} 34. g3 {[%emt 0:04:07]} Rf7 {[%emt 0:00:31]} 35. Rh4 {[%emt 0:00:56]} Qf3 {[%emt 0:00:20]} 36. Ne6 {[%emt 0:04:40]} Rd3 {[%emt 0:00:19]} 37. Rxh7+ {[%emt 0:00:57]} Kg8 {[%emt 0:00:25]} 38. Rxg7+ {[%emt 0:03:15]} Rxg7 {[%emt 0:00:30]} 39. Nxg7 {[%emt 0:00:30]} Kxg7 {[%emt 0:00:00]} 40. b5 {[%emt 0:00:01]} axb5 {[%emt 0:00:00]} 41. axb5 {[%emt 0:00:05]} Qh1+ {[%emt 0:02:09]} 42. Ke2 {[%emt 0:00:30]} Qf3+ {[%emt 0:00:30]} 43. Ke1 {[%emt 0:00:30]} Qh1+ {[%emt 0:00:00]} 1/2-1/2

[Event "1st Turkish League 2017"]
[Site "Konya"]
[Date "2017.07.20"]
[Round "2"]
[White "Yaver, Faik Emre"]
[Black "Dogan, Nazmi Can"]
[Result "0-1"]
[WhiteElo "2100"]
[BlackElo "2242"]
[Annotator "ChessBase"]
[PlyCount "80"]
[EventType "team-tourn"]
[EventCountry "TUR"]
[SourceTitle "playchess.com"]
[Source "ChessBase"]
[SourceQuality "1"]
[TimeControl "5400+30"]

1. e4 {[%emt 0:00:30]} e5 {[%emt 0:01:00]} 2. Nf3 {[%emt 0:00:30]} Nc6 {[%emt 0:00:30]} 3. Bc4 {[%emt 0:00:30]} Nf6 {[%emt 0:00:30]} 4. d3 {[%emt 0:00:30]} Be7 {[%emt 0:00:00]} 5. O-O {[%emt 0:00:30]} O-O {[%emt 0:00:00]} 6. Re1 {[%emt 0:00:30]} d6 {[%emt 0:00:30]} 7. a4 {[%emt 0:00:30]} Kh8 {[%emt 0:00:30]} 8. a5 {[%emt 0:02:30]} a6 {[%emt 0:00:30]} 9. c3 {[%emt 0:03:30]} Ng8 {[%emt 0:00:30]} 10. Qb3 {[%emt 0:15:30]} f5 {[%emt 0:15:30]} 11. Nbd2 {[%emt 0:03:30]} g5 {[%emt 0:02:30]} 12. Nf1 {[%emt 0:09:30]} g4 {[%emt 0:04:30]} 13. N3d2 {[%emt 0:00:30]} f4 {[%emt 0:00:30]} 14. Bd5 {[%emt 0:04:30]} Bf6 {[%emt 0:07:30]} 15. Nc4 {[%emt 0:04:30]} Nge7 {[%emt 0:20:30]} 16. d4 {[%emt 0:04:30]} Qe8 {[%emt 0:08:30]} 17. dxe5 {[%emt 0:15:30]} dxe5 {[%emt 0:00:30]} 18. Qd1 {[%emt 0:03:30]} h5 {[%emt 0:04:30]} 19. b3 {[%emt 0:00:30]} Qg6 {[%emt 0:02:30]} 20. Ba3 {[%emt 0:01:30]} Re8 {[%emt 0:03:30]} 21. Ra2 {[%emt 0:04:30]} h4 {[%emt 0:01:30]} 22. Rd2 {[%emt 0:02:30]} Kg7 {[%emt 0:00:30]} 23. g3 {[%emt 0:04:41]} Bg5 {[%emt 0:06:14]} 24. Rd3 {[%emt 0:06:10]} Ng8 {[%emt 0:05:54]} 25. Bxc6 {[%emt 0:03:36]} bxc6 {[%emt 0:01:14]} 26. Bc1 {[%emt 0:04:39]} Nh6 {[%emt 0:05:15]} 27. Nxe5 {[%emt 0:01:27]} Rxe5 {[%emt 0:01:23]} 28. gxf4 {[%emt 0:00:04]} Bxf4 {[%emt 0:03:17]} 29. Bxf4 {[%emt 0:00:05]} Re8 {[%emt 0:03:14]} 30. Rd8 {[%emt 0:01:27]} Be6 {[%emt 0:00:49]} 31. Qd4+ {[%emt 0:00:21]} Kh7 {[%emt 0:00:36]} 32. Rxa8 {[%emt 0:00:30]} Rxa8 {[%emt 0:00:00]} 33. Bxc7 {[%emt 0:00:09]} Nf7 {[%emt 0:00:27]} 34. Bf4 {[%emt 0:00:37]} Rd8 {[%emt 0:00:31]} 35. Qb6 {[%emt 0:01:10]} Qf6 {[%emt 0:00:34]} 36. Be3 {[%emt 0:02:14]} Ne5 {[%emt 0:01:37]} 37. Rc1 {[%emt 0:00:33]} h3 {[%emt 0:00:29]} 38. Bd4 {[%emt 0:00:36]} Nf3+ {[%emt 0:00:03]} 39. Kh1 {[%emt 0:00:34]} Nxd4 {[%emt 0:00:03]} 40. cxd4 {[%emt 0:00:39]} Qf3+ {[%emt 0:00:03]} 0-1